Daňové tajomstvo a poskytovanie údajov

Zachovávanie mlčanlivosti. Sprístupnenie daňového tajomstva. Porušenie daňového tajomstva. Subjekty, ktoré oznamujú alebo sprístupňujú daňové tajomstvo.

Guardado en:
Detalles Bibliográficos
Autor principal: Hlaváčová, Jana
Formato: Capítulo de libro
Lenguaje:eslovaco
Materias:
Etiquetas: Agregar Etiqueta
Sin Etiquetas, Sea el primero en etiquetar este registro!

MARC

LEADER 00000naa$a2200000$$$4500
001 0091857
005 20231120083126.4
041 0 |a slo 
044 |a SK 
245 1 0 |a Daňové tajomstvo a poskytovanie údajov  |c Jana Hlaváčová 
520 |a Zachovávanie mlčanlivosti. Sprístupnenie daňového tajomstva. Porušenie daňového tajomstva. Subjekty, ktoré oznamujú alebo sprístupňujú daňové tajomstvo. 
610 2 0 |a tajomstvo daňové 
610 2 0 |a informácie dôverné 
100 1 |a Hlaváčová, Jana